[Event "Lliga Catalana eq. DH"]
[Site "?"]
[Date "2014.03.15"]
[Round "8.1"]
[White "Benet Catala, A."]
[Black "Jerez Perez, A."]
[Result "1/2-1/2"]
[WhiteElo "2329"]
[BlackElo "2444"]
[PlyCount "42"]
[EventDate "2014.??.??"]
[EventType "team"]
[EventCountry "ESP"]

1. g3 d5 2. Bg2 Nf6 3. Nf3 g6 4. c4 Bg7 5. cxd5 Nxd5 6. Nc3 O-O 7. O-O Nc6 8.
Qb3 Nb6 9. d3 e5 10. Be3 Nd4 11. Bxd4 exd4 12. Ne4 Be6 13. Qc2 Bd5 14. a4 a5
15. Rfc1 Bc6 16. Ne1 Nd5 17. Qc4 Re8 18. Bf3 Nb6 19. Qc2 Nd5 20. Qc4 Nb6 21.
Qc2 Nd5 1/2-1/2

[Event "Lliga Catalana eq. DH"]
[Site "?"]
[Date "2014.03.15"]
[Round "8.1"]
[White "Cruz Sanchez, JE."]
[Black "Cuartas Medina, JA."]
[Result "1/2-1/2"]
[WhiteElo "2541"]
[BlackElo "2537"]
[PlyCount "115"]
[EventDate "2014.??.??"]
[EventType "team"]
[EventCountry "ESP"]

1. c4 c5 2. Nc3 Nc6 3. g3 g6 4. Bg2 Bg7 5. Nf3 d6 6. O-O Nh6 7. d3 Nf5 8. e3
O-O 9. Qd2 Rb8 10. b3 a6 11. Bb2 b5 12. Nd5 e5 13. Ne1 Nce7 14. f4 Nxd5 15.
Bxd5 exf4 16. e4 Bxb2 17. Qxb2 Ne3 18. Rxf4 Nxd5 19. cxd5 f5 20. Ng2 g5 21. Rf2
fxe4 22. dxe4 Rxf2 23. Qxf2 Qe7 24. e5 dxe5 25. Rc1 c4 26. bxc4 bxc4 27. Ne3 c3
28. Rxc3 Bh3 29. Qc2 Qa7 30. Kf2 Rf8+ 31. Ke1 Qd4 32. Qd3 Bd7 33. Qxd4 exd4 34.
Rc7 Rd8 35. Nc2 Bb5 36. Nxd4 Rxd5 37. Nxb5 Rxb5 38. Kd2 Ra5 39. Rc2 Ra3 40. Kc1
Kf7 41. Kb2 Rf3 42. Rc7+ Kg6 43. g4 Rh3 44. Rc6+ Kf7 45. Rxa6 Rxh2+ 46. Kc3 Rh4
47. Ra4 Ke6 48. Kd3 Ke5 49. Re4+ Kd5 50. Rd4+ Kc5 51. Rc4+ Kb6 52. Rb4+ Ka5 53.
Re4 h6 54. Kd4 Ka4 55. Ke5+ Ka3 56. Kf5 Kxa2 57. Rb4 Ka3 58. Rb8 1/2-1/2

[Event "Lliga Catalana eq. DH"]
[Site "?"]
[Date "2014.03.15"]
[Round "8.1"]
[White "Lacasa Diaz, JA."]
[Black "De la Riva Aguado, O."]
[Result "1-0"]
[WhiteElo "2457"]
[BlackElo "2553"]
[PlyCount "125"]
[EventDate "2014.??.??"]
[EventType "team"]
[EventCountry "ESP"]

1. e4 c5 2. Nf3 Nc6 3. Nc3 d6 4. d4 cxd4 5. Nxd4 Nf6 6. Bc4 Bd7 7. Bb3 g6 8. f3
Nxd4 9. Qxd4 Bg7 10. Bg5 Qa5 11. Qd2 Rc8 12. Bh6 O-O 13. Bxg7 Kxg7 14. O-O-O
Rc5 15. g4 Be6 16. Kb1 Rfc8 17. h4 b5 18. h5 g5 19. h6+ Kh8 20. f4 Rg8 21. e5
dxe5 22. fxg5 b4 23. gxf6 bxc3 24. bxc3 exf6 25. Qf2 Rg6 26. g5 Rc8 27. gxf6
Qxc3 28. Rd3 Qc6 29. Rhd1 Bxb3 30. axb3 Rgg8 31. Rd7 Rc7 32. Rd8 Rc8 33. Rxc8
Qxc8 34. Rg1 a5 35. Rxg8+ Qxg8 36. Qf5 Qg1+ 37. Ka2 Qc5 38. Qe4 Qc8 39. Kb1 Qg8
40. Qxe5 a4 41. bxa4 Qa8 42. a5 Qc8 43. a6 Qd8 44. Kc1 Qa8 45. Qc7 Qe8 46. Qd6
Qe3+ 47. Kb1 Qe8 48. a7 Qb5+ 49. Kc1 Qg5+ 50. Kd1 Qg4+ 51. Kd2 Qg5+ 52. Kd1
Qg4+ 53. Kc1 Qg5+ 54. Kb2 Qb5+ 55. Kc3 Qa5+ 56. Kd3 Qf5+ 57. Kd4 Qf2+ 58. Kc3
Qf3+ 59. Kc4 Qe4+ 60. Kc5 Qxc2+ 61. Kb6 Qb3+ 62. Kc7 Qc4+ 63. Kd8 1-0

[Event "Lliga Catalana eq. DH"]
[Site "?"]
[Date "2014.03.15"]
[Round "8.1"]
[White "Lopez Martinez, JM."]
[Black "Vidarte Morales, A."]
[Result "1-0"]
[WhiteElo "2576"]
[BlackElo "2408"]
[PlyCount "131"]
[EventDate "2014.??.??"]
[EventType "team"]
[EventCountry "ESP"]

1. e4 e5 2. Nf3 Nc6 3. Bc4 Bc5 4. c3 Nf6 5. d3 a6 6. Bb3 d6 7. O-O Ba7 8. Be3
Bxe3 9. fxe3 O-O 10. Nbd2 Na5 11. Bc2 c5 12. Qe1 Nc6 13. h3 b5 14. Nh4 Be6 15.
Qf2 b4 16. Ba4 Ne7 17. c4 h6 18. Kh2 Rc8 19. g4 Kh8 20. Qg3 Nh7 21. Rf2 Ng8 22.
Raf1 g5 23. Nf5 Bxf5 24. Rxf5 Kg7 25. Qf2 f6 26. Qe2 Qc7 27. R5f2 Ne7 28. Ra1
Ng6 29. Nf1 Nh4 30. Ng3 Kh8 31. b3 Rf7 32. Qf1 Rb8 33. a3 bxa3 34. Rxa3 Rd8 35.
Ra1 Rb8 36. Rd1 Rd8 37. Qe1 Rb8 38. Qc3 Rff8 39. Rdf1 Rf7 40. Kh1 Qb6 41. Rb1
Re7 42. Ne2 Rf7 43. Qa1 Qb7 44. Kh2 Rbf8 45. Nc3 h5 46. Nd5 Kg7 47. Kg3 Qc8 48.
Rbf1 hxg4 49. hxg4 Ng6 50. Rh1 Rh8 51. Qc3 Nf4 52. Rhh2 Ng6 53. b4 Nh4 54. Rf1
Nf8 55. bxc5 dxc5 56. Qa5 Ne6 57. Qb6 Rh6 58. Qc6 Qh8 59. Rfh1 Nf8 60. Qxc5
Nfg6 61. Qd6 Qc8 62. Rf1 Nf4 63. exf4 exf4+ 64. Nxf4 gxf4+ 65. Qxf4 Qd8 66.
Rfh1 1-0

[Event "Lliga Catalana eq. DH"]
[Site "?"]
[Date "2014.03.15"]
[Round "8.1"]
[White "Moskalenko, V."]
[Black "Narciso Dublan, M."]
[Result "1/2-1/2"]
[WhiteElo "2583"]
[BlackElo "2544"]
[PlyCount "65"]
[EventDate "2014.??.??"]
[EventType "team"]
[EventCountry "ESP"]

1. d4 f5 2. Nc3 Nf6 3. Bg5 d5 4. Bxf6 exf6 5. e3 Be6 6. Qf3 g6 7. Nge2 Bf7 8.
h3 h5 9. g3 c6 10. Bg2 Nd7 11. O-O-O Qa5 12. Kb1 O-O-O 13. Nc1 Re8 14. Nb3 Qd8
15. h4 Nb6 16. Bf1 Nc4 17. a3 Nd6 18. Bd3 Kb8 19. Ka1 Ka8 20. Qe2 Bh6 21. Qf1
Re7 22. Nc5 Rhe8 23. Nb1 Bf8 24. Nd2 Rc7 25. Ncb3 Rc8 26. Rc1 Ne4 27. Nxe4 fxe4
28. Be2 b5 29. Qe1 f5 30. Qc3 Bd6 31. Nc5 a5 32. b4 a4 33. Kb2 1/2-1/2

[Event "Lliga Catalana eq. DH"]
[Site "?"]
[Date "2014.03.15"]
[Round "8.1"]
[White "Movsziszian, K."]
[Black "Alsina Leal, D."]
[Result "0-1"]
[WhiteElo "2544"]
[BlackElo "2545"]
[PlyCount "64"]
[EventDate "2014.??.??"]
[EventType "team"]
[EventCountry "ESP"]

1. g3 d5 2. Bg2 Nf6 3. d3 g6 4. Nf3 Bg7 5. O-O O-O 6. c3 c5 7. Nbd2 Nc6 8. e4
e5 9. Qa4 Qd7 10. exd5 Nxd5 11. Re1 b6 12. a3 Bb7 13. c4 Nde7 14. Ne4 Rad8 15.
Bg5 f6 16. Bd2 Qxd3 17. b4 f5 18. Neg5 e4 19. Rad1 exf3 20. Bxf3 Qd7 21. Bf4
Nd4 22. Qxd7 Rxd7 23. Bxb7 Rxb7 24. Bd6 Bf6 25. bxc5 Bxg5 26. Rxd4 bxc5 27.
Bxc5 Rc8 28. Bd6 Bf6 29. Rf4 g5 30. Bxe7 Rxe7 31. Rxe7 Bxe7 32. Rxf5 Rxc4 0-1

[Event "Lliga Catalana eq. DH"]
[Site "?"]
[Date "2014.03.15"]
[Round "8.2"]
[White "Alonso Garcia, R."]
[Black "Kogan, A."]
[Result "1/2-1/2"]
[WhiteElo "2423"]
[BlackElo "2579"]
[PlyCount "113"]
[EventDate "2014.??.??"]
[EventType "team"]
[EventCountry "ESP"]

1. d4 Nf6 2. c4 e6 3. Nc3 c5 4. Nf3 cxd4 5. Nxd4 Bb4 6. g3 O-O 7. Bg2 d5 8.
cxd5 Nxd5 9. Qb3 Qa5 10. Bd2 Na6 11. Bxd5 Nc5 12. Qd1 exd5 13. a3 Bxc3 14. Bxc3
Qb6 15. f3 Bd7 16. Qd2 Rfe8 17. Ba5 Qxb2 18. O-O Qxd2 19. Bxd2 Rac8 20. Rfc1 f6
21. Kf2 Kf7 22. Rab1 b6 23. h4 h5 24. Bf4 Nb7 25. Rxc8 Rxc8 26. Rc1 Rc5 27. Bd2
Ba4 28. Bf4 g6 29. Bd2 Nd6 30. Ra1 Nc4 31. Bb4 Rc8 32. Rc1 Bd7 33. Ra1 a5 34.
Be1 Ke7 35. Kg1 Kd6 36. Bf2 b5 37. Kf1 Re8 38. Kg1 g5 39. hxg5 fxg5 40. Kg2
Ne3+ 41. Kg1 Nf5 42. Kf1 Ne3+ 43. Kg1 Nc4 44. Kg2 Rb8 45. Be1 Rc8 46. Bf2 Ke5
47. Nb3 Bf5 48. Nd4 Bd7 49. Nb3 Kd6 50. Kg1 Rb8 51. Be1 Ra8 52. Bf2 Re8 53. Nd4
g4 54. Kg2 a4 55. Kg1 Ke5 56. Nc2 Bf5 57. Nd4 1/2-1/2

[Event "Lliga Catalana eq. DH"]
[Site "?"]
[Date "2014.03.15"]
[Round "8.2"]
[White "Delorme, Axel"]
[Black "Gonzalez Perez, A."]
[Result "1-0"]
[WhiteElo "2479"]
[BlackElo "2567"]
[PlyCount "61"]
[EventDate "2014.??.??"]
[EventType "team"]
[EventCountry "ESP"]

1. e4 c5 2. c3 Nf6 3. e5 Nd5 4. d4 cxd4 5. Nf3 Nc6 6. cxd4 d6 7. Bc4 e6 8. O-O
Be7 9. Bd2 Bd7 10. Nc3 Nxc3 11. Bxc3 d5 12. Bd3 Qb6 13. Rc1 f5 14. exf6 gxf6
15. b4 Nxb4 16. Rb1 a5 17. a3 Qc7 18. axb4 Qxc3 19. bxa5 Qxa5 20. Nh4 O-O-O $2
21. Qe2 Kb8 22. Ra1 Qb4 23. Rfb1 Qd6 24. Qa2 Bc6 25. Bb5 Bxb5 26. Rxb5 Rc8 27.
Qa7+ Kc7 28. Rxb7+ Kd8 29. g3 Rg8 30. Ra6 Qf4 31. Rd7+ 1-0

[Event "Lliga Catalana eq. DH"]
[Site "?"]
[Date "2014.03.15"]
[Round "8.2"]
[White "Matnadze, A."]
[Black "Cruz Estrada, F."]
[Result "0-1"]
[WhiteElo "2520"]
[BlackElo "2486"]
[PlyCount "130"]
[EventDate "2014.??.??"]
[EventType "team"]
[EventCountry "ESP"]

1. d4 d5 2. Nf3 c6 3. g3 Bf5 4. Bg2 Nf6 5. O-O h6 6. b3 e6 7. Bb2 a5 8. a4 Be7
9. Nbd2 O-O 10. Ne5 Nbd7 11. Re1 Bb4 12. Nd3 Be7 13. e4 dxe4 14. Nxe4 Bxe4 15.
Bxe4 Nxe4 16. Rxe4 Nf6 17. Re1 Qb6 18. Qf3 Rad8 19. Rad1 Rfe8 20. Ne5 Qc7 21.
h4 Bb4 22. Re2 Bd6 23. Ng4 Nxg4 24. Qxg4 Bf8 25. Rde1 Rd5 26. c4 Rd7 27. Re5
Red8 28. h5 Qb6 29. R5e3 Qc7 30. R1e2 b5 31. Rf3 bxc4 32. bxc4 Qb7 33. Qe4 c5
34. Qxb7 Rxb7 35. dxc5 Bxc5 36. Bc3 Bb4 37. Re5 Rc7 38. Bxb4 axb4 39. Rb5 Rxc4
40. Rb7 Rf8 41. Rf4 Rxf4 42. gxf4 Ra8 43. Rxb4 Ra5 44. Rb8+ Kh7 45. Rb7 f6 46.
Rb4 Rxh5 47. Kg2 Ra5 48. Kg3 Kg6 49. Rc4 Rd5 50. Re4 Kf5 51. Rb4 Rd3+ 52. f3
Ra3 53. Rb5+ e5 54. fxe5 fxe5 55. Ra5 g5 56. Kg2 Kf4 57. Ra6 Ra2+ 58. Kh3 Kxf3
59. Rf6+ Ke3 60. Rxh6 Rxa4 61. Kg2 Ra1 62. Re6 e4 63. Kg3 Kd3 64. Rd6+ Ke2 65.
Kg4 e3 0-1

[Event "Lliga Catalana eq. DH"]
[Site "?"]
[Date "2014.03.15"]
[Round "8.2"]
[White "Pham Guerrero, S."]
[Black "Beltran Rueda, S."]
[Result "0-1"]
[WhiteElo "2304"]
[BlackElo "2455"]
[PlyCount "80"]
[EventDate "2014.??.??"]
[EventType "team"]
[EventCountry "ESP"]

1. e4 c5 2. Nf3 e6 3. d3 b6 4. g3 Bb7 5. Bg2 d6 6. O-O Nd7 7. Re1 Ngf6 8. Nc3
a6 9. a4 Be7 10. d4 cxd4 11. Nxd4 Qc7 12. Qe2 Rc8 13. f4 O-O 14. Be3 Qb8 15.
Rad1 Rxc3 16. bxc3 Nc5 17. e5 dxe5 18. Nc6 Bxc6 19. Bxc6 exf4 20. Bxf4 Qc8 21.
Qf3 h6 22. Bd6 Bxd6 23. Rxd6 Qc7 24. Red1 Nd5 25. R1xd5 exd5 26. Qxd5 Qe7 27.
a5 Qe3+ 28. Kg2 bxa5 29. Qf5 g6 30. Qg4 Qxc3 31. Bd5 Kg7 32. h4 Qxc2+ 33. Kh3
Nd3 34. Qd4+ Kh7 35. Bg2 Nf2+ 36. Kh2 h5 37. Rd5 Ng4+ 38. Kh3 Qc8 39. Rxa5 Rd8
40. Qb2 Rd3 0-1

[Event "Lliga Catalana eq. DH"]
[Site "?"]
[Date "2014.03.15"]
[Round "8.2"]
[White "Rizouk, A."]
[Black "Cruz Sanchez, C."]
[Result "1-0"]
[WhiteElo "2534"]
[BlackElo "2593"]
[PlyCount "49"]
[EventDate "2014.??.??"]
[EventType "team"]
[EventCountry "ESP"]

1. e4 c5 2. Nf3 e6 3. d4 cxd4 4. Nxd4 Nc6 5. Nc3 Qc7 6. Be2 a6 7. O-O Nf6 8.
Be3 Bb4 9. Na4 Be7 10. Nxc6 bxc6 11. Nb6 Rb8 12. Nxc8 Qxc8 13. Bd4 c5 14. Be5
Rb6 15. b3 Nxe4 16. Bxg7 Rg8 17. Bb2 Qc7 18. Bd3 Qf4 19. Qh5 c4 20. Bc1 Qf6 21.
Qxh7 Rh8 22. Qxe4 Bd6 23. g3 cxd3 24. Be3 Rb4 25. c4 1-0

[Event "Lliga Catalana eq. DH"]
[Site "?"]
[Date "2014.03.15"]
[Round "8.2"]
[White "Valdes Romero, L."]
[Black "Herrero Sabartes, J."]
[Result "1-0"]
[WhiteElo "2453"]
[BlackElo "2329"]
[PlyCount "79"]
[EventDate "2014.??.??"]
[EventType "team"]
[EventCountry "ESP"]

1. Nf3 Nf6 2. c4 g6 3. g3 Bg7 4. Bg2 O-O 5. O-O d6 6. Nc3 e5 7. d3 c5 8. a3 Nc6
9. Rb1 a5 10. Bg5 h6 11. Bxf6 Qxf6 12. Ne1 Qd8 13. Nc2 f5 14. Ne3 Nd4 15. Ned5
f4 16. e3 Ne6 17. Ne4 Kh7 18. b4 axb4 19. axb4 Ra3 20. bxc5 Nxc5 21. Nxc5 dxc5
22. exf4 exf4 23. gxf4 Qh4 24. Qe2 Rf5 25. Qf3 Rh5 26. Qg3 Rxd3 27. Qxh4 Rxh4
28. Rfe1 h5 29. Rb6 Rd4 30. Be4 Bf5 31. Bxf5 gxf5 32. Rxb7 Rg4+ 33. Kf1 Rg6 34.
Re5 Rxc4 35. Rxf5 Kh6 36. Ne3 Rc1+ 37. Ke2 Rcg1 38. Rxc5 Re6 39. Kf3 Bd4 40.
Nf5+ 1-0

[Event "Lliga Catalana eq. DH"]
[Site "?"]
[Date "2014.03.15"]
[Round "8.2"]
[White "Vehi Bach, VM."]
[Black "Magem Badals, J."]
[Result "1/2-1/2"]
[WhiteElo "2381"]
[BlackElo "2576"]
[PlyCount "33"]
[EventDate "2014.??.??"]
[EventType "team"]
[EventCountry "ESP"]

1. e4 e5 2. Nf3 Nc6 3. Nc3 Nf6 4. Bb5 Nd4 5. Nxd4 exd4 6. e5 dxc3 7. exf6 Qxf6
8. dxc3 Bc5 9. O-O c6 10. Bd3 d6 11. Qh5 h6 12. Be3 g6 13. Qe2 Bxe3 14. Qxe3+
Kd8 15. Rae1 Bd7 16. Qd4 Qxd4 17. cxd4 1/2-1/2

[Event "Lliga Catalana eq. DH"]
[Site "?"]
[Date "2014.03.15"]
[Round "8.3"]
[White "Alonso Rosell, A."]
[Black "Gomez Jurado, LA."]
[Result "1-0"]
[WhiteElo "2579"]
[BlackElo "2365"]
[PlyCount "79"]
[EventDate "2014.??.??"]
[EventType "team"]
[EventCountry "ESP"]

1. e4 c6 2. Nc3 d5 3. Nf3 Bg4 4. h3 Bxf3 5. Qxf3 e6 6. d4 dxe4 7. Qxe4 Nf6 8.
Qd3 Nbd7 9. g3 Bb4 10. a3 Qa5 11. Bg2 Bxc3+ 12. bxc3 O-O 13. O-O Rad8 14. Rb1
Nb6 15. Bd2 Rd7 16. Rb3 c5 17. Rb5 Qxa3 18. Rxc5 Rc8 19. Rxc8+ Nxc8 20. Rb1 Nb6
21. Rb5 h6 22. Kh2 Rc7 23. c4 Qxd3 24. cxd3 Rd7 25. Be3 Ne8 26. Rb1 g5 27. Ra1
Nc8 28. d5 exd5 29. Bxd5 Nf6 30. Bf3 Rxd3 31. Bxb7 Nd6 32. Ba6 Rc3 33. Bxa7
Nfe4 34. Bb5 Nxc4 35. Bd4 Rc2 36. Ra8+ Kh7 37. Rh8+ Kg6 38. Rg8+ Kh5 39. g4+
Kh4 40. Rh8 1-0

[Event "Lliga Catalana eq. DH"]
[Site "?"]
[Date "2014.03.15"]
[Round "8.3"]
[White "Dominguez Pons, E."]
[Black "Asis Gargatagli, H."]
[Result "1/2-1/2"]
[WhiteElo "2389"]
[BlackElo "2514"]
[PlyCount "28"]
[EventDate "2014.??.??"]
[EventType "team"]
[EventCountry "ESP"]

1. d4 Nf6 2. Bg5 Ne4 3. Bf4 d5 4. e3 c5 5. c3 Nc6 6. Nd2 Bf5 7. Ngf3 Nxd2 8.
Qxd2 e6 9. Bd3 Bg6 10. O-O Bd6 11. Bg3 O-O 12. Rfe1 Bh5 13. Be2 Rc8 14. Nh4
Bxe2 1/2-1/2

[Event "Lliga Catalana eq. DH"]
[Site "?"]
[Date "2014.03.15"]
[Round "8.3"]
[White "Escuder Vilaltella, J."]
[Black "Ayza Leon, D."]
[Result "1/2-1/2"]
[WhiteElo "2391"]
[BlackElo "2302"]
[PlyCount "67"]
[EventDate "2014.??.??"]
[EventType "team"]
[EventCountry "ESP"]

1. e4 e5 2. Nf3 Nc6 3. Bb5 a6 4. Ba4 Nf6 5. O-O Be7 6. Qe2 b5 7. Bb3 Bb7 8. c3
d6 9. a4 O-O 10. d3 Na5 11. Bc2 c5 12. Nbd2 Nh5 13. Nb3 Nxb3 14. Bxb3 g6 15.
Bh6 Ng7 16. Ne1 Bg5 17. Bxg5 Qxg5 18. Nc2 Kh8 19. Ne3 Nh5 20. Nd5 Bxd5 21. Bxd5
Nf4 22. Qf3 Nxd5 23. exd5 f5 24. Qg3 Qd2 25. axb5 axb5 26. Rxa8 Rxa8 27. Qh4
Qxb2 28. Qf6+ Kg8 29. Qxd6 Qxc3 30. h4 Qd4 31. Qe6+ Kg7 32. Qe7+ Kh6 33. d6 Ra6
34. Qg5+ 1/2-1/2

[Event "Lliga Catalana eq. DH"]
[Site "?"]
[Date "2014.03.15"]
[Round "8.3"]
[White "Fernandez Aguado, E."]
[Black "Gallego Martinez, R."]
[Result "1/2-1/2"]
[WhiteElo "2407"]
[BlackElo "2296"]
[PlyCount "103"]
[EventDate "2014.??.??"]
[EventType "team"]
[EventCountry "ESP"]

1. e4 c5 2. Nf3 e6 3. d4 cxd4 4. Nxd4 a6 5. Bd3 Nc6 6. Nxc6 bxc6 7. O-O d5 8.
Qe2 Nf6 9. Nd2 Be7 10. c4 O-O 11. b3 a5 12. Bb2 a4 13. Rfd1 Bb7 14. bxa4 Rxa4
15. Bc2 Ra8 16. cxd5 cxd5 17. e5 Nd7 18. Qd3 g6 19. Nf3 Ba6 20. Qe3 Bc4 21. h4
Qb8 22. Bd4 Ra3 23. Bb3 Rc8 24. h5 Bxb3 25. axb3 Rxb3 26. Qf4 Rc4 27. hxg6 hxg6
28. Nd2 Rxd4 29. Qxd4 Bc5 30. Qa4 Rb7 31. Rdb1 Nxe5 32. Rxb7 Qxb7 33. Qe8+ Kg7
34. Ra8 Kf6 35. Qd8+ Kf5 36. Nf1 Qb1 37. Qc7 Qc1 38. Rc8 Qg5 39. g3 Nf3+ 40.
Kg2 Ne1+ 41. Kg1 Nd3 42. Qxf7+ Qf6 43. Ne3+ Bxe3 44. Qxf6+ Kxf6 45. fxe3 Kf5
46. Kf1 Ke4 47. Ke2 Ne5 48. Re8 Kf5 49. Rf8+ Kg5 50. Re8 Kf5 51. Rf8+ Kg5 52.
Re8 1/2-1/2

[Event "Lliga Catalana eq. DH"]
[Site "?"]
[Date "2014.03.15"]
[Round "8.3"]
[White "Fluvia Poyatos, Joan"]
[Black "Cuadras Avellana, J."]
[Result "0-1"]
[WhiteElo "2554"]
[BlackElo "2374"]
[PlyCount "94"]
[EventDate "2014.??.??"]
[EventType "team"]
[EventCountry "ESP"]

1. e4 c5 2. Nf3 e6 3. d4 cxd4 4. Nxd4 a6 5. Bd3 Qc7 6. c4 Nf6 7. O-O Be7 8. Be3
d6 9. Nc3 Nbd7 10. Rc1 b6 11. f4 Nc5 12. Bb1 Bb7 13. Qf3 Rc8 14. b4 Ncd7 15.
Qg3 Qb8 16. Bd3 h5 17. Kh1 Qa8 18. Bg1 h4 19. Qe3 h3 20. Rf3 hxg2+ 21. Kxg2 g5
22. fxg5 Ng4 23. Qf4 Nge5 24. Rff1 Nf8 25. Be2 Nfg6 26. Qe3 Nxc4 27. Bxc4 Rxc4
28. Bf2 e5 29. Nde2 Bxe4+ 30. Kg1 Bh1 31. Qg3 Rch4 32. Bxb6 Rxh2 33. Rf2 R2h5
34. Be3 Rh3 35. Qg4 Rxe3 36. Nd1 Bb7 37. Kf1 Rh1+ 38. Ng1 Re4 39. Qf5 Rf4 40.
Rxf4 Nxf4 41. Ne3 Qa7 42. Rc7 Rxg1+ 43. Kf2 Nd3+ 44. Qxd3 Rg2+ 45. Kf1 Rxg5 46.
Kf2 Qb6 47. Qc3 d5 0-1

[Event "Lliga Catalana eq. DH"]
[Site "?"]
[Date "2014.03.15"]
[Round "8.3"]
[White "Gual Pascual, A."]
[Black "Cabrera Pino, A."]
[Result "0-1"]
[WhiteElo "2516"]
[BlackElo "2523"]
[PlyCount "47"]
[EventDate "2014.??.??"]
[EventType "team"]
[EventCountry "ESP"]

1. c4 Nf6 2. g3 g6 3. b3 Bg7 4. Bb2 c5 5. Bg2 Nc6 6. e4 d6 7. Ne2 a6 8. Nbc3
Rb8 9. O-O b5 10. d3 O-O 11. Qd2 e5 12. Nd5 Nxd5 13. cxd5 Nd4 14. Nxd4 exd4 15.
b4 cxb4 16. Qxb4 a5 17. Qd2 b4 18. Rae1 Ba6 19. Bh3 Bb5 20. a3 b3 21. f4 a4 22.
Rf2 Rb7 23. Kg2 Rc7 24. f5 0-1

[Event "Lliga Catalana eq. DH"]
[Site "?"]
[Date "2014.03.15"]
[Round "8.3"]
[White "Sole Fabregat, X."]
[Black "Granados Gomez, M."]
[Result "1/2-1/2"]
[WhiteElo "2305"]
[BlackElo "2434"]
[PlyCount "65"]
[EventDate "2014.??.??"]
[EventType "team"]
[EventCountry "ESP"]

1. d4 d5 2. Nf3 Nf6 3. Bf4 c5 4. e3 Nc6 5. c3 Qb6 6. Qb3 c4 7. Qc2 Bf5 8. Qc1
h6 9. Be2 e6 10. O-O Be7 11. Nbd2 Rc8 12. Re1 O-O 13. Ne5 Nxe5 14. Bxe5 Qd8 15.
f3 b5 16. Bd1 Nd7 17. Bg3 Bd3 18. Bc2 b4 19. Qb1 bxc3 20. bxc3 Qa5 21. Bxd3
cxd3 22. Qxd3 Rxc3 23. Qf1 Rfc8 24. Nb3 Qa4 25. Bf2 Ba3 26. Re2 Rc2 27. Qd1 Qc4
28. Rd2 Bb4 29. Rxc2 Qxc2 30. Qf1 Qc4 31. Rc1 Qxf1+ 32. Kxf1 Rxc1+ 33. Nxc1
1/2-1/2

[Event "Lliga Catalana eq. DH"]
[Site "?"]
[Date "2014.03.15"]
[Round "8.4"]
[White "Alonso Moyano, J."]
[Black "Bofill Mas, A."]
[Result "1/2-1/2"]
[WhiteElo "2454"]
[BlackElo "2420"]
[PlyCount "63"]
[EventDate "2014.??.??"]
[EventType "team"]
[EventCountry "ESP"]

1. e4 c5 2. Nc3 Nc6 3. g4 e6 4. d3 d5 5. Bg2 d4 6. Nce2 e5 7. Ng3 Nge7 8. Nh3
Ng6 9. O-O Bd6 10. Nf5 O-O 11. f4 exf4 12. Nxd6 Qxd6 13. Nxf4 Nce5 14. h3 Be6
15. b3 f6 16. Nxe6 Qxe6 17. a4 Nh4 18. Bf4 Nxg2 19. Kxg2 h6 20. Qd2 b6 21. Bxe5
fxe5 22. Rf5 Rf6 23. Raf1 Raf8 24. Qf2 R8f7 25. Qf3 Qc6 26. h4 a6 27. Kh3 b5
28. axb5 axb5 29. Qg3 g6 30. Rxf6 Rxf6 31. Rxf6 Qxf6 32. Kg2 1/2-1/2

[Event "Lliga Catalana eq. DH"]
[Site "?"]
[Date "2014.03.15"]
[Round "8.4"]
[White "Bravo Barranco, N."]
[Black "Rojas Keim, LA."]
[Result "1/2-1/2"]
[WhiteElo "2340"]
[BlackElo "2473"]
[PlyCount "67"]
[EventDate "2014.??.??"]
[EventType "team"]
[EventCountry "ESP"]

1. e4 g6 2. d4 Bg7 3. Nc3 d6 4. Be3 c6 5. Qd2 b5 6. f3 Nd7 7. Nh3 Nb6 8. Nf2
Nf6 9. Be2 Nc4 10. Bxc4 bxc4 11. O-O O-O 12. Bh6 Bxh6 13. Qxh6 Qb6 14. e5 dxe5
15. dxe5 Nd5 16. Nce4 f6 17. exf6 exf6 18. b3 Qe3 19. Qh4 Qf4 20. Qxf4 Nxf4 21.
Rfe1 Be6 22. g3 Nd5 23. Nd6 Bf5 24. bxc4 Nb4 25. Nxf5 gxf5 26. Rab1 Nxc2 27.
Re7 Rab8 28. Rd1 Rf7 29. Rxf7 Kxf7 30. Rd7+ Ke6 31. Rxa7 Rb1+ 32. Kg2 Ne1+ 33.
Kh3 Nxf3 34. Nd3 1/2-1/2

[Event "Lliga Catalana eq. DH"]
[Site "?"]
[Date "2014.03.15"]
[Round "8.4"]
[White "Capellades Subirana, M."]
[Black "Boix Moreno, D."]
[Result "1/2-1/2"]
[WhiteElo "2290"]
[BlackElo "2386"]
[PlyCount "133"]
[EventDate "2014.??.??"]
[EventType "team"]
[EventCountry "ESP"]

1. e4 c5 2. Nf3 d6 3. d4 cxd4 4. Nxd4 Nf6 5. Nc3 g6 6. Be3 Bg7 7. Be2 O-O 8.
Qd2 Nc6 9. Rd1 Bd7 10. O-O Re8 11. Kh1 Nxd4 12. Bxd4 Bc6 13. f3 Qd7 14. Nd5
Bxd5 15. exd5 b5 16. c4 bxc4 17. Bxc4 Rec8 18. b3 Rc7 19. Rfe1 Ne8 20. Bf2 Bf6
21. a4 Qf5 22. Be3 h5 23. Qf2 Ng7 24. Bd2 h4 25. g4 hxg3 26. hxg3 Ne8 27. Kg2
Rac8 28. Be3 Bc3 29. Rh1 Rxc4 30. bxc4 Rxc4 31. g4 Qf6 32. Rb1 Rc8 33. Rbc1 Rc4
34. Rb1 Rc8 35. Rh3 Qe5 36. Rb7 Qxd5 37. Rxe7 Bf6 38. Re4 Qd3 39. g5 Be5 40.
Rxe5 dxe5 41. Qh4 Kf8 42. Qh8+ Ke7 43. Qxe5+ Kd7 44. Bf2 Nd6 45. Rh1 Rc3 46.
Qf4 Rc4 47. Qf6 Qf5 48. Qxf5+ Nxf5 49. Rd1+ Ke6 50. Re1+ Kd7 51. Re4 Rxe4 52.
fxe4 Nd6 53. Bxa7 Nxe4 54. Be3 Kc6 55. Kf3 Nxg5+ 56. Bxg5 Kb7 57. Kf4 Ka8 58.
Ke5 Ka7 59. Kf6 Ka6 60. Bd2 Kb7 61. Kxf7 g5 62. Bxg5 Ka8 63. Ke7 Kb7 64. Kd7
Ka8 65. Kc7 Ka7 66. Be3+ Ka8 67. a5 1/2-1/2

[Event "Lliga Catalana eq. DH"]
[Site "?"]
[Date "2014.03.15"]
[Round "8.4"]
[White "Garcia Paolicchi, R."]
[Black "Marcet Bisbal, A."]
[Result "0-1"]
[WhiteElo "2280"]
[BlackElo "2372"]
[PlyCount "82"]
[EventDate "2014.??.??"]
[EventType "team"]
[EventCountry "ESP"]

1. d4 Nf6 2. c4 g6 3. Nc3 Bg7 4. Bg5 d6 5. Nf3 h6 6. Bh4 O-O 7. h3 c5 8. d5 e6
9. e3 exd5 10. cxd5 a6 11. a4 Qa5 12. Qd2 Nbd7 13. Ra3 Qb4 14. Be2 Re8 15. Bg3
Ne4 16. Nxe4 Rxe4 17. Bxd6 Bxb2 18. Qxb4 Rxb4 19. Ra2 Bc3+ 20. Nd2 Rb1+ 21. Bd1
Nf6 22. Ke2 Bxd2 23. Kxd2 Ne4+ 24. Kc2 Rxd1 25. Rxd1 Nxd6 26. a5 Bf5+ 27. Kc3
c4 28. f3 Bd3 29. e4 Kf8 30. Re1 Ke7 31. e5 Nb5+ 32. Kb4 Rd8 33. d6+ Kd7 34.
Rd2 Nd4 35. Kc3 Nc6 36. Ra2 Ke6 37. f4 Kd5 38. Raa1 Nd4 39. Ra4 Ne2+ 40. Kd2
Nxf4 41. Rb4 Rd7 0-1

[Event "Lliga Catalana eq. DH"]
[Site "?"]
[Date "2014.03.15"]
[Round "8.4"]
[White "Lillo Castany, V."]
[Black "Lorenzo de la Riva, L."]
[Result "0-1"]
[WhiteElo "2359"]
[BlackElo "2502"]
[PlyCount "118"]
[EventDate "2014.??.??"]
[EventType "team"]
[EventCountry "ESP"]

1. e4 c5 2. Nf3 d6 3. d4 cxd4 4. Nxd4 Nf6 5. Nc3 g6 6. Be2 Bg7 7. O-O O-O 8.
Bg5 Nc6 9. Nb3 a6 10. a4 b6 11. f4 Bb7 12. Bf3 Rc8 13. Qe2 h6 14. Bh4 e5 15.
Rad1 Re8 16. Bg4 Rb8 17. Bxf6 Bxf6 18. f5 Nd4 19. Nxd4 exd4 20. fxg6 fxg6 21.
Qc4+ Kg7 22. Nd5 Bxd5 23. exd5 b5 24. axb5 axb5 25. Qb4 Qb6 26. Be6 Rf8 27. Kh1
Be5 28. Qd2 Qd8 29. Rxf8 Qxf8 30. Qe2 Qd8 31. Qf2 Qf6 32. Qxf6+ Kxf6 33. Rf1+
Kg5 34. g3 h5 35. Kg2 d3 36. c3 b4 37. h4+ Kh6 38. Rd1 bxc3 39. bxc3 Rb2+ 40.
Kf3 d2 41. g4 hxg4+ 42. Bxg4 Bxc3 43. Rh1 Bf6 44. h5 Kg5 45. Be6 gxh5 46. Rg1+
Kh6 47. Bf5 Bg5 48. Rf1 Rb4 49. Ke2 Rd4 50. Be6 Re4+ 51. Kd1 Re5 52. Rh1 h4 53.
Rf1 Re3 54. Rh1 Rc3 55. Ke2 Kg6 56. Rd1 Bf4 57. Bg4 Kg5 58. Bf3 h3 59. Kf2 Kh4
0-1